| 000 | 00580nam a22001817a 4500 | ||
|---|---|---|---|
| 003 | CEME | ||
| 005 | 20210628203831.0 | ||
| 008 | 210308b xxu||||| |||| 00| 0 eng d | ||
| 020 | _a0-87389-184-8 | ||
| 040 | _c. | ||
| 082 | _a370.1 RIN'Q | ||
| 100 |
_aRinehart, Gray _967492 |
||
| 245 | _aQuality education , applying the philosphy of dr. W. Edward deming to transforms the educational system | ||
| 260 |
_aUSA _bASQC _c1993 |
||
| 300 | _aXVIII, 328P | ||
| 650 |
_aSCHOOL MANAGEMENT AND ORGINIZATION UNITED STATES EDUCATION UNITED STATES PHILOSPHY _967493 |
||
| 942 |
_cBK _2ddc |
||
| 999 |
_c575261 _d575261 |
||